Normale Ansicht MARC-Ansicht ISBD

Slubices Kleistturm ist endlich fertig (Titelsatznr. 373913)

[ MARC ]
MARC-Details
000 -Satzkennung
Kontrollfeld mit fester Länge 00728nab a2200193 4500
001 - Kontrollnummer
Kontrollfeld 244442
003 - Kontrollnummer Identifier
Kontrollfeld OSt
005 - Datum und Zeit der letzten Transaktion
Kontrollfeld 20250728091238.0
007 - Feld mit fester Länge zur physischen Beschreibung - Allgemeine Information
Kontrollfeld mit fester Länge tu
008 - Feld mit fester Länge zur physischen Beschreibung - Allgemeine Angaben
Kontrollfeld mit fester Länge 200917s2020|||||||
040 ## - Katalogisierungsquelle
Original-Katalogisierungsstelle DE-2950
Übertragungsstelle DE-2950
245 00 - Titel
Titel Slubices Kleistturm ist endlich fertig
Zusatz zum Titel Tourismus. Nach jahrelangen Verzögerungen sind die Bauarbeiten für das neue Ausflugsziel in der Frankfurt Nachbarstadt abgeschlossen. Zu den Highlights gehört ein Glasboden für Mutige. Die Eröffnung ist für September geplant/
Verfasserangabe etc. Marlena Dumin
264 ## - Produktion, Veröffentlichung, Distribution, Herstellung und Urheberrechtsvermerk
Datum der Herstellung, der Veröffentlichung, des Vertriebs oder des Urheberschutzvermerks 2024
653 ## - Indexierungsterm - Nicht normiert
Nicht-normierter Term Slubice
653 ## - Indexierungsterm - Nicht normiert
Nicht-normierter Term Kleistturm
653 ## - Indexierungsterm - Nicht normiert
Nicht-normierter Term Fertigstellung
773 0# - Übergeordnete Einheit
Verknüpfungsangaben 36. Jahrgang (2025) Nr. 169 vom 23.07.2025, S. 15 mit Foto
Titel Märkische Oderzeitung
942 ## - Zusätzliche Felder (Koha)
Klassifikation oder Aufstellungssystematik Andere/Generische Klassifikation
Koha-Medientyp Aufsätze
Exemplare
Ausgeschieden Verloren Klassifikation oder Aufstellungssystematik Beschädigt Nicht entleihbar Heimatbibliothek Aufenthaltsbibliothek Aufstellungsort Erwerbungsdatum Anzahl Ausleihen Signatur Letzte Aktivität Preis gültig von Koha-Medientyp
    Andere/Generische Klassifikation     Stadtarchiv Frankfurt (Oder) | Archivbibliothek Stadtarchiv Frankfurt (Oder) | Archivbibliothek Magazin 28/07/2025   Z2 28/07/2025 28/07/2025 Aufsätze